Top 10 Largest Cities in India - Sudden Death - Statistics

General Stats
  • This quiz has been taken 72 times
  • The average score is 5 of 10
Answers on the Grid
Answers color-coded by a green-red scale on the quiz's grid according to % correct below.
Mumbai
Delhi
Bengaluru
Kolkata
Chennai
Ahmedabad
Hyderabad
Pune
Surat
Kanpur
Jaipur
Navi Mumbai
Lucknow
Nagpur
Indore
Patna
Bhopal
Ludhiana
Tirunelveli
Agra
Meerut
Gorakhpur
Nashik
Pimpri
Kalyan
 
Answer Stats
Answer % Correct
Delhi
91%
Mumbai
74%
Hyderabad
66%
Kolkata
57%
Chennai
53%
Ahmedabad
49%
Bengaluru
47%
Pune
32%
Surat
26%
Kanpur
0%
No matching quizzes found
Score Distribution
Percent of People with Each Score
Percentile by Number Answered
Your Score History
You have not taken this quiz